Southville International School and Colleges
Your cart is empty.
  • Cart
  • Lists
    Public lists list_1 View all
    Your lists Log in to create your own lists
  • Log in to your account
  • Your cookies
  • Search history
Southville International School and Colleges
  • Advanced search
  • Recent comments
  • Most popular
  • Libraries

Log in to your account

Log in with GOOGLE


If you do not have an external account, but do have a local account, you can still log in:

  1. Home
  2. MARC view: How to choose a leadership pattern /
Normal view MARC view ISBD view

How to choose a leadership pattern / (Record no. 115713)

[ view plain ]
MARC details
000 -LEADER
fixed length control field 00636nam a2200205Ia 4500
008 - FIXED-LENGTH DATA ELEMENTS--GENERAL INFORMATION
fixed length control field 140429s9999 xx 000 0 und d
020 ## - INTERNATIONAL STANDARD BOOK NUMBER
International Standard Book Number 9781422175521
050 ## - LIBRARY OF CONGRESS CALL NUMBER
Classification number HD 57.7
Item number .T367 2008
100 ## - MAIN ENTRY--PERSONAL NAME
Personal name Tannenbaum, Robert
245 ## - TITLE STATEMENT
Title How to choose a leadership pattern /
Statement of responsibility, etc Robert Tannenbaum and Warren H. Schmidt.
260 ## - PUBLICATION, DISTRIBUTION, ETC. (IMPRINT)
Place of publication, distribution, etc Massachusetts :
Name of publisher, distributor, etc Harvard Business Press,
Date of publication, distribution, etc c2008.
300 ## - PHYSICAL DESCRIPTION
Extent 65 p. :
Dimensions 17 cm.
440 ## - SERIES STATEMENT/ADDED ENTRY--TITLE
Title (Havard business review classics).
500 ## - GENERAL NOTE
General note Includes bibliographical references.
521 ## - TARGET AUDIENCE NOTE
Target audience note
650 ## - SUBJECT ADDED ENTRY--TOPICAL TERM
Topical term or geographic name as entry element Decision making.
650 ## - SUBJECT ADDED ENTRY--TOPICAL TERM
Topical term or geographic name as entry element Leadership.
942 ## - ADDED ENTRY ELEMENTS (KOHA)
Call number prefix Foreign
Koha item type Books
Holdings
Withdrawn status Lost status Source of classification or shelving scheme Damaged status Home library Current library Shelving location Date acquired Source of acquisition Total Checkouts Full call number Barcode Date last seen Price effective from Koha item type
    Library of Congress Classification   College Library College Library General Circulation Section 04/29/2014 Library Fund   HD 57.7 .T367 2008 C16877 05/15/2018 04/29/2014 Books

How to choose a leadership pattern /

APA

Tannenbaum R., . (2008). How to choose a leadership pattern. Massachusetts: Harvard Business Press.

Chicago

Tannenbaum Robert, . 2008. How to choose a leadership pattern. Massachusetts: Harvard Business Press.

Harvard

Tannenbaum R., . (2008). How to choose a leadership pattern. Massachusetts: Harvard Business Press.

MLA

Tannenbaum Robert, . How to choose a leadership pattern. Massachusetts: Harvard Business Press. 2008.

  • Place hold
  • Print
  • Cite
  • Add to your cart (remove)
  • Save record
    BIBTEX Dublin Core MARCXML MARC (non-Unicode/MARC-8) MARC (Unicode/UTF-8) MARC (Unicode/UTF-8, Standard) MODS (XML) RIS
  • More searches
    Search for this title in:
    Other Libraries (WorldCat) Other Databases (Google Scholar) Online Stores (Bookfinder.com) Open Library (openlibrary.org)

Exporting to Dublin Core...

SOUTHVILLE LIBRARY

Southville International School and Colleges Library

1281 Tropical Ave. Cor. Luxembourg St., BF Homes International, Las Pinas City

Tel. No. 8256374 / 252358 Loc. 117/146

Powered by Koha